| 000 | 00461nam a2200169 a 4500 | ||
|---|---|---|---|
| 020 | _a0706918290 | ||
| 082 | 0 | 0 | _a297.08 RAM |
| 100 | _aRam, Malik | ||
| 245 | _aHakeem Abdul Hameed | ||
| 260 |
_aDelhi _bVikas Pub House Pvt. Ltd. _c1982 |
||
| 300 | _a312p | ||
| 500 | _aincludes index and biblioraphy | ||
| 505 | 2 | _apresented to Hakee Abdul Hameed on his 75th Birthday. | |
| 650 | _aHakeem Abdul Hameed-Biography | ||
| 700 | 1 | _aMalik Ram, | |
| 942 | _cBK | ||
| 999 |
_c9078 _d9078 |
||